Stres v pracovnom prostredí bakalárska práca

Saved in:
Bibliographic Details
Main Author: Varmužová, Veronika
Corporate Author: Fakulta podnikového manažmentu EU. Katedra manažmentu
Other Authors: Matkovčíková, Natália, 1982-
Format: Book
Language:Slovak
Published: Bratislava 2022
Tags: Add Tag
No Tags, Be the first to tag this record!

MARC

LEADER 00000nbm a2200000 4500
001 0285421
005 20230322101011.3
041 0 |a slo 
044 |a SK 
245 1 0 |a Stres v pracovnom prostredí  |b bakalárska práca  |c Veronika Varmužová ; školiteľ: Natália Matkovčíková 
264 1 |a Bratislava  |c 2022 
300 |a 46 s. 
100 1 |a Varmužová, Veronika 
700 1 |a Matkovčíková, Natália, 1982- 
710 2 |a Fakulta podnikového manažmentu EU. Katedra manažmentu